Villes des États-Unis en images - Statistiques

Statistiques générales
  • Ce quiz a été pris 13 875 fois
    13 830 depuis la dernière actualisation
  • Le résultat moyen est 8 sur 18
Statistiques - réponses
Par images Réponse % Correct
New York
98%
Washington
89%
Las Vegas
85%
San Francisco
83%
Seattle
65%
Los Angeles
56%
Miami
54%
La Nouvelle-Orléans
49%
Chicago
43%
Boston
33%
Philadelphie
24%
Atlanta
22%
Anchorage
21%
Détroit
20%
Saint Louis
20%
Salt Lake City
19%
Phoenix
17%
Memphis
13%
Aucun quiz correspondant
Distribution des résultats
% des personnes avec chaque résultat
Percentile par nombre de réponses
Votre historique - résultats
Vous n’avez pas pris ce quiz depuis la dernière actualisation